Държави, по-големи от своите съседи - Statistics

General Stats
  • This quiz has been taken 100 times
  • The average score is 4 of 7
Answer Stats
Country % Correct
Бразилия
94%
Алжир
54%
ЮАР
51%
Великобритания
45%
ДР Конго
39%
Швеция
38%
Индонезия
31%
No matching quizzes found
Score Distribution
Percent of People with Each Score
Percentile by Number Answered
Your Score History
You have not taken this quiz